Statistics for They Shoot Pictures, Don't They? - films 361 to 380

Click here to take the quiz!

General Stats

  • This quiz has been taken 24 times
  • The average score is 7 of 20

Answer Stats

Answer% Correct
Last Tango in Paris
83%
Get Out
72%
Mad Max: Fury Road
72%
The Elephant Man
67%
The King of Comedy
56%
Fitzcarraldo
33%
Killing of a Chinese Bookie
33%
Heaven's Gate
28%
How Green Was my Valley
28%
Peeping Tom
28%
The Turin Horse
28%
An Affair to Remember
22%
Stromboli
22%
Theorem
22%
The White Ribbon
22%
Through the Olive Trees
22%
Lost Highway
17%
The Cranes Are Flying
17%
Make Way for Tomorrow
11%
Tristana
11%

Score Distribution

Percentile by Number Answered

Percent of People with Each Score

Your Score History

You have not taken this quiz